<?xml version="1.0" encoding="UTF-8"?>
<record
    xmlns:xsi="http://www.w3.org/2001/XMLSchema-instance"
    xsi:schemaLocation="http://www.loc.gov/MARC21/slim http://www.loc.gov/standards/marcxml/schema/MARC21slim.xsd"
    xmlns="http://www.loc.gov/MARC21/slim">

  <leader>00675nam a2200265Ia 4500</leader>
  <controlfield tag="003">OSt</controlfield>
  <controlfield tag="005">20230331112609.0</controlfield>
  <controlfield tag="008">210210b2001   xxu||||| |||| 00| 0 eng d</controlfield>
  <datafield tag="020" ind1=" " ind2=" ">
    <subfield code="a">9878173662850</subfield>
  </datafield>
  <datafield tag="040" ind1=" " ind2=" ">
    <subfield code="c">AL</subfield>
  </datafield>
  <datafield tag="041" ind1=" " ind2=" ">
    <subfield code="a">eng</subfield>
  </datafield>
  <datafield tag="082" ind1=" " ind2=" ">
    <subfield code="a">005.2762 HUNJ</subfield>
  </datafield>
  <datafield tag="100" ind1=" " ind2=" ">
    <subfield code="a">HUNTER (Jason)</subfield>
    <subfield code="9">80743</subfield>
  </datafield>
  <datafield tag="245" ind1=" " ind2=" ">
    <subfield code="a">Java servlet programming </subfield>
  </datafield>
  <datafield tag="250" ind1=" " ind2=" ">
    <subfield code="a">2</subfield>
  </datafield>
  <datafield tag="260" ind1=" " ind2=" ">
    <subfield code="a">Mumbai</subfield>
    <subfield code="b">Shroff Publishers &amp; Distributors Pvt Ltd.</subfield>
    <subfield code="c">2001</subfield>
  </datafield>
  <datafield tag="300" ind1=" " ind2=" ">
    <subfield code="a">xxiii,754+22</subfield>
  </datafield>
  <datafield tag="650" ind1=" " ind2=" ">
    <subfield code="a">servlet</subfield>
    <subfield code="9">80744</subfield>
  </datafield>
  <datafield tag="650" ind1=" " ind2=" ">
    <subfield code="a">programming</subfield>
    <subfield code="9">80745</subfield>
  </datafield>
  <datafield tag="650" ind1=" " ind2=" ">
    <subfield code="a">Java</subfield>
    <subfield code="9">80746</subfield>
  </datafield>
  <datafield tag="690" ind1=" " ind2=" ">
    <subfield code="a">Computer Science</subfield>
    <subfield code="9">80747</subfield>
  </datafield>
  <datafield tag="700" ind1=" " ind2=" ">
    <subfield code="a">CRAWFORD (William)</subfield>
    <subfield code="9">80748</subfield>
  </datafield>
  <datafield tag="906" ind1=" " ind2=" ">
    <subfield code="a">066915</subfield>
  </datafield>
  <datafield tag="942" ind1=" " ind2=" ">
    <subfield code="2">ddc</subfield>
    <subfield code="c">BK</subfield>
  </datafield>
  <datafield tag="999" ind1=" " ind2=" ">
    <subfield code="c">149372</subfield>
    <subfield code="d">149372</subfield>
  </datafield>
  <datafield tag="952" ind1=" " ind2=" ">
    <subfield code="0">0</subfield>
    <subfield code="1">0</subfield>
    <subfield code="2">ddc</subfield>
    <subfield code="4">0</subfield>
    <subfield code="7">0</subfield>
    <subfield code="8">CAA</subfield>
    <subfield code="a">AL</subfield>
    <subfield code="b">AL</subfield>
    <subfield code="d">2021-02-17</subfield>
    <subfield code="e">Sapna Book House Pvt Ltd, K S Rao Road, Mangalore-575001</subfield>
    <subfield code="g">600.00</subfield>
    <subfield code="l">0</subfield>
    <subfield code="o">005.2762 HUNJ</subfield>
    <subfield code="p">066916</subfield>
    <subfield code="r">2021-02-17 00:00:00</subfield>
    <subfield code="w">2021-02-17</subfield>
    <subfield code="y">BK</subfield>
  </datafield>
  <datafield tag="952" ind1=" " ind2=" ">
    <subfield code="0">0</subfield>
    <subfield code="1">0</subfield>
    <subfield code="2">ddc</subfield>
    <subfield code="4">0</subfield>
    <subfield code="7">0</subfield>
    <subfield code="8">CAA</subfield>
    <subfield code="a">AL</subfield>
    <subfield code="b">AL</subfield>
    <subfield code="d">2021-02-17</subfield>
    <subfield code="e">Sapna Book House Pvt Ltd, K S Rao Road, Mangalore-575001</subfield>
    <subfield code="g">600.00</subfield>
    <subfield code="l">0</subfield>
    <subfield code="o">005.2762 HUNJ</subfield>
    <subfield code="p">066915</subfield>
    <subfield code="r">2021-02-17 00:00:00</subfield>
    <subfield code="w">2021-02-17</subfield>
    <subfield code="y">BK</subfield>
  </datafield>
</record>
